Možnosti katalytickej oxidácie propénu

Uložené v:
Podrobná bibliografia
Hlavný autor: Kuhn, Juraj (Autor)
Ďalší autori: Horváth, Blažej (Vedúci práce)
Médium: Rukopis Kniha
Jazyk:Slovak
Vydavateľské údaje: 2023
Predmet:
On-line prístup:http://is.stuba.sk/zp/portal_zp.pl?podrobnosti=169500
Tagy: Pridať tag
Žiadne tagy, Buďte prvý, kto otaguje tento záznam!

MARC

LEADER 00000ntm a22000003a 4500
001 stuzp94728
003 SK-STU
005 20230909223002.7
007 ta
008 150427s2015----xo-----f-mn---000-0-slo-d
040 |a STU  |b slo 
041 0 |a slo 
100 1 |a Kuhn, Juraj  |u 048130  |4 aut  |U FCHPT Ústav organickej chémie, katalýzy a petrochémie  |T FCHPT Oddelenie organickej technológie, katalýzy a ropy  |X 86722  |U C8130  |Y 123  |7 86722 
242 0 1 |a The possibilities of catalytic oxidation of propene  |y eng 
245 1 0 |a Možnosti katalytickej oxidácie propénu 
260 |c 2023 
650 4 |a propén  |2 slo 
650 4 |a katalyzátor  |2 slo 
650 4 |a oxidácia  |2 slo 
650 4 |a acetón  |2 slo 
650 4 |a akroleín  |2 slo 
650 4 |a propylénoxid  |2 slo 
650 4 |a oxidation  |2 eng 
650 4 |a acetone  |2 eng 
650 4 |a propylene oxide  |2 eng 
650 4 |a acrolein  |2 eng 
650 4 |a propene  |2 eng 
650 4 |a catalyst  |2 eng 
700 1 |a Horváth, Blažej  |u 048130  |k Z2  |4 ths  |U FCHPT Ústav organickej chémie, katalýzy a petrochémie  |T FCHPT Oddelenie organickej technológie, katalýzy a ropy  |X 3937  |U C8130  |Y 123  |7 A000003937 
856 4 |u http://is.stuba.sk/zp/portal_zp.pl?podrobnosti=169500